000 00587cac a22001691u 4500
008 081222t2004 nyj|||||r|||| 001 0 eng d
010 _a2003054194
020 _a 0130082058 (pbk.)
082 0 0 _a657.0285
_bBOD
_222
245 1 0 _aAccounting information systems /
_cGeorge H. Bodnar, William S. Hopwood.
250 _a9th ed.
260 _aUpper Saddle River, N.J. :
_bPearson Prentice Hall,
_cc2004.
300 _axix, 488 p. :
_bill. ;
_c26 cm.
504 _aIncludes bibliographical references and index.
650 0 _aAccounting
_xData processing.
_933535
942 _cBB
_k657.0285BOD
_2ddc
999 _c1056
_d1056